Gotická architektura v jižních Čechách : Zakladatelské dílo Přemysla Otakara II

Gespeichert in:
Bibliographische Detailangaben
1. Verfasser: Kuthan, Jiří (Verfasst von)
Format: Buch
Sprache:Tschechisch
Veröffentlicht: Praha : Academia, 1975
Schlagworte:
Tags: Tag hinzufügen
Keine Tags, Fügen Sie das erste Tag hinzu!

MARC

LEADER 00000nam a22000003a 4500
001 stu80993
005 20150617225636.9
008 030616s1975------------------------cze-d
040 |a STU  |b slo 
041 0 |a cze 
100 1 |a Kuthan, Jiří  |4 aut 
245 1 |a Gotická architektura v jižních Čechách :  |b Zakladatelské dílo Přemysla Otakara II 
260 |a Praha :  |b Academia,  |c 1975 
300 |a 221 s 
650 7 |a gotika  |2 stusub 
650 7 |a architektúra-dejiny  |2 stusub 
996 |b 284AU00028  |c A*3902 U  |l AAKNAR  |s A  |a 24  |w stu80993_0001